[Event "Asia-ch Amateur"]
[Site "Bandar Seri Begawan"]
[Date "2015.09.07"]
[Round "2"]
[White "Suni, Syairazi"]
[Black "Izzuddin, Zain"]
[Result "1-0"]
[WhiteElo "1866"]
[BlackElo "1983"]
[PlyCount "53"]
[EventDate "2015.09.07"]
[EventType "swiss"]
[EventRounds "9"]
[EventCountry "BRN"]
[SourceTitle "EXT 2016"]
[Source "ChessBase"]
[SourceDate "2015.10.08"]
[SourceVersion "1"]
[SourceVersionDate "2015.10.08"]
[SourceQuality "1"]

1. e4 d6 2. d4 Nf6 3. Nc3 Nc6 4. Nf3 e6 5. Be2 Be7 6. 0-0 0-0 7. Re1 a6 8. d5 exd5 9. exd5 Ne5 10. Nd4 Bd7 11. f4 Ng6 12. g4 c6 13. dxc6 bxc6 14. Nf5 Bxf5 15. gxf5 Qb6+ 16. Kh1 Nh4 17. Qd3 c5 18. Qh3 Qb7+ 19. Kg1 Nd7 20. Be3 g6 21. fxg6 hxg6 22. Bf2 Nf5 23. Bf3 Qxb2 24. Bxa8 Rxa8 25. Rab1 Qa3 26. Rb3 Qa5 27. Rxe7 1-0

[Event "Olympiad-41"]
[Site "Tromsoe"]
[Date "2014.08.14"]
[Round "11.2"]
[White "Izzuddin, Zain"]
[Black "Magana, Ben"]
[Result "1/2-1/2"]
[WhiteElo "1933"]
[BlackElo "2085"]
[PlyCount "268"]
[EventDate "2014.08.02"]
[EventType "team-swiss"]
[EventRounds "11"]
[EventCountry "NOR"]
[SourceTitle "CBM 162"]
[Source "ChessBase"]
[SourceDate "2014.09.17"]
[SourceVersion "1"]
[SourceVersionDate "2014.09.17"]
[SourceQuality "1"]
[WhiteTeam "Brunei"]
[BlackTeam "Kenya"]
[WhiteTeamCountry "BRN"]
[BlackTeamCountry "KEN"]

1. d4 d5 2. Nf3 Nf6 3. c4 c6 4. cxd5 cxd5 5. Nc3 Nc6 6. Bf4 e6 7. e3 Be7 8. Bb5 0-0 9. 0-0 Nh5 10. Bg3 Nxg3 11. hxg3 Bd7 12. Bxc6 Bxc6 13. Ne5 Be8 14. Qb3 Qb6 15. Rac1 f6 16. Qxb6 axb6 17. Nd3 Bd7 18. Rc2 Rfc8 19. Rfc1 Kf7 20. Kf1 Rc4 21. Ke2 Bd6 22. a3 Rac8 23. Kd2 h6 24. b4 Ra8 25. Nb1 b5 26. Nb2 Rc6 27. Rxc6 bxc6 28. Nd3 e5 29. Rc3 Ke7 30. Kc2 Be8 31. Kb2 Bg6 32. Nd2 exd4 33. exd4 Kd7 34. Nf4 Bf7 35. Nb3 g5 36. Nd3 Bg6 37. Ndc5+ Bxc5 38. Nxc5+ Kd6 39. Nb7+ Kd7 40. Nc5+ Kd6 41. Nb7+ Kd7 42. Nc5+ Kc7 43. Re3 Re8 44. Rxe8 Bxe8 45. Kc3 Bg6 46. Kd2 Kd6 47. Ke3 Bc2 48. Nb7+ Kd7 49. Nc5+ Kd6 50. Nb7+ Kd7 51. Nc5+ Ke7 52. Nb7 Bf5 53. Na5 Kd7 54. Nb7 Kc7 55. Nc5 Bc8 56. Kf3 Kd6 57. Ke3 Ke7 58. Nb3 Kf7 59. Nc5 Kg6 60. Nd3 Bf5 61. Nc5 Bc8 62. Nd3 Kf5 63. Nc5 Kg4 64. Nd3 h5 65. Ke2 Bf5 66. Nc5 Bc8 67. Nd3 Bd7 68. Nc5 Bf5 69. Na6 Bd7 70. Nc5 Bf5 71. Na6 Bg6 72. Nc5 Bf5 73. Na6 Bd7 74. Nc5 Bf5 75. Na6 Be4 76. Kf1 Bg6 77. Nc5 Bf5 78. Ke2 Bc8 79. Nd3 Bd7 80. Ke3 Bf5 81. Nc5 Bg6 82. Nd7 Kf5 83. Kf3 Be8 84. Nc5 Bg6 85. Ke3 Bf7 86. Kf3 Be8 87. Ke3 Kg4 88. Nd3 Bd7 89. Nc5 Bf5 90. Ke2 Bc8 91. Nd3 h4 92. gxh4 gxh4 93. Ke3 Be6 94. Ke2 Bf7 95. Nc5 Be8 96. Ke3 Bg6 97. Nd7 Kg5 98. f3 Be8 99. Nc5 Bg6 100. Ne6+ Kf5 101. Nf4 Bf7 102. Nd3 Be6 103. Nc5 Bc8 104. Nd3 Kg5 105. Nc5 Bf5 106. a4 bxa4 107. Nxa4 Bc2 108. Nc3 Bb3 109. b5 cxb5 110. Nxb5 f5 111. Nc7 f4+ 112. Kf2 Kf6 113. Nb5 Ke6 114. Kg1 Bc2 115. Kh2 Bf5 116. Nc3 Bd3 117. Kh3 Bf1 118. Kxh4 Bxg2 119. Kg4 Bf1 120. Kxf4 Bd3 121. Kg5 Bc2 122. f4 Bd3 123. Nd1 Be4 124. Ne3 Kf7 125. f5 Bh1 126. Ng4 Be4 127. Ne5+ Kf8 128. f6 Bc2 129. f7 Ke7 130. Kh6 Kf8 131. Kh5 Kg7 132. Kg5 Be4 133. Kf4 Bb1 134. Ke3 Bf5 1/2-1/2

[Event "Olympiad-41"]
[Site "Tromsoe"]
[Date "2014.08.11"]
[Round "9.3"]
[White "Da Silva, John"]
[Black "Izzuddin, Zain"]
[Result "0-1"]
[WhiteElo "1996"]
[BlackElo "1933"]
[PlyCount "62"]
[EventDate "2014.08.02"]
[EventType "team-swiss"]
[EventRounds "11"]
[EventCountry "NOR"]
[SourceTitle "CBM 162"]
[Source "ChessBase"]
[SourceDate "2014.09.17"]
[SourceVersion "1"]
[SourceVersionDate "2014.09.17"]
[SourceQuality "1"]
[WhiteTeam "Netherlands Antilles"]
[BlackTeam "Brunei"]
[WhiteTeamCountry "AHO"]
[BlackTeamCountry "BRN"]

1. d4 Nf6 2. c4 c5 3. d5 b5 4. b3 g6 5. Qc2 Bg7 6. Bb2 bxc4 7. bxc4 0-0 8. e4 d6 9. Nf3 Nbd7 10. Bd3 Rb8 11. Nbd2 Rxb2 12. Qxb2 Nxd5 13. Qxg7+ Kxg7 14. cxd5 Qa5 15. 0-0 Qc3 16. Bb5 Ne5 17. Rfc1 Nxf3+ 18. Nxf3 Qb4 19. Rab1 Qxe4 20. Bc6 Bg4 21. Ne1 Bf5 22. Rb3 Qe2 23. Nf3 Qxa2 24. Rb7 Kf6 25. Re1 e6 26. h3 exd5 27. Ree7 h5 28. h4 d4 29. Ng5 d3 30. Nh7+ Kg7 31. Nxf8 d2 0-1

[Event "Olympiad-41"]
[Site "Tromsoe"]
[Date "2014.08.08"]
[Round "6.2"]
[White "Marko, Helmut"]
[Black "Izzuddin, Zain"]
[Result "0-1"]
[WhiteElo "1953"]
[BlackElo "1933"]
[PlyCount "94"]
[EventDate "2014.08.02"]
[EventType "team-swiss"]
[EventRounds "11"]
[EventCountry "NOR"]
[SourceTitle "CBM 162"]
[Source "ChessBase"]
[SourceDate "2014.09.17"]
[SourceVersion "1"]
[SourceVersionDate "2014.09.17"]
[SourceQuality "1"]
[WhiteTeam "Papua New Guinea"]
[BlackTeam "Brunei"]
[WhiteTeamCountry "PNG"]
[BlackTeamCountry "BRN"]

1. e4 e5 2. Nf3 Nf6 3. Nc3 Nc6 4. Bc4 Nxe4 5. Nxe4 d5 6. Bxd5 Qxd5 7. Nc3 Qd8 8. h3 Bc5 9. 0-0 0-0 10. d3 Be6 11. Be3 Be7 12. Qd2 f6 13. a3 Qe8 14. Kh1 Rd8 15. Qe2 Qf7 16. Rfe1 Rfe8 17. Ne4 b6 18. Rad1 Qg6 19. Nh4 Qf7 20. Nf3 a5 21. Nc3 Rd7 22. Rd2 Red8 23. Rdd1 Qe8 24. Rd2 Bc5 25. Ne4 Be7 26. Nc3 Bd6 27. Ne4 f5 28. Nxd6 cxd6 29. Bxb6 Rb8 30. Be3 Bf7 31. Rdd1 Rxb2 32. Bc1 Ra2 33. Rd2 Rb7 34. c4 Rxd2 35. Qxd2 Qb8 36. Qc2 Bh5 37. Nd2 Nd4 38. Qc3 a4 39. Qa5 Ra7 40. Qc3 Qb6 41. f4 Ne2 42. Qc2 Nxf4 43. c5 Qc6 44. Nc4 Nxg2 45. Nxe5 dxe5 46. Qa2+ Bf7 47. Qxg2 Bd5 0-1

[Event "Olympiad-41"]
[Site "Tromsoe"]
[Date "2014.08.05"]
[Round "4.2"]
[White "Izzuddin, Zain"]
[Black "Njobvu, Ignatius"]
[Result "1/2-1/2"]
[WhiteElo "1933"]
[BlackElo "2193"]
[PlyCount "128"]
[EventDate "2014.08.02"]
[EventType "team-swiss"]
[EventRounds "11"]
[EventCountry "NOR"]
[SourceTitle "CBM 162"]
[Source "ChessBase"]
[SourceDate "2014.09.17"]
[SourceVersion "1"]
[SourceVersionDate "2014.09.17"]
[SourceQuality "1"]
[WhiteTeam "Brunei"]
[BlackTeam "Botswana"]
[WhiteTeamCountry "BRN"]
[BlackTeamCountry "BOT"]

1. d4 d5 2. c4 e6 3. Nf3 c6 4. Nc3 Nf6 5. Bg5 Nbd7 6. e3 Qa5 7. cxd5 Nxd5 8. Qd2 h6 9. Bh4 Bb4 10. Rc1 c5 11. a3 Bxc3 12. bxc3 Qxa3 13. Bd3 cxd4 14. cxd4 Qb4 15. 0-0 Qxd2 16. Nxd2 f5 17. Bg3 0-0 18. Bd6 Rd8 19. Nc4 N7f6 20. Be5 Bd7 21. Na5 b6 22. Nb7 Rdc8 23. Nd6 Rxc1 24. Rxc1 a5 25. Kf1 a4 26. Ke2 Ra5 27. Nb7 Ra7 28. Nd6 Nb4 29. Bc4 Nfd5 30. Kd2 a3 31. f3 a2 32. Ra1 Ra3 33. e4 fxe4 34. fxe4 Ne3 35. Bxa2 Nxa2 36. d5 exd5 37. Bb2 Ra4 38. Kxe3 dxe4 39. Nxe4 Bc6 40. Nd6 Bxg2 41. Bd4 Ra3+ 42. Kf2 Bd5 43. Bxb6 Ra6 44. Bc5 Rc6 45. Ba3 Rc2+ 46. Kf1 Rxh2 47. Bc5 Rc2 48. Bd4 g6 49. Rb1 Rc1+ 50. Rxc1 Nxc1 51. Be3 Nd3 52. Bxh6 Ne5 53. Bf4 Ng4 54. Kg1 Kg7 55. Bg5 Ne5 56. Kf2 Nf3 57. Be3 Kf6 58. Nb5 g5 59. Bxg5+ Nxg5 60. Nd4 Ke5 61. Ne2 Bf3 62. Ke3 Bg4 63. Nc1 Nf7 64. Nd3+ Kf5 1/2-1/2

[Event "Kuala Lumpur op"]
[Site "Kuala Lumpur"]
[Date "2014.04.05"]
[Round "2"]
[White "Paril, Gabriel"]
[Black "Izzuddin, Zain"]
[Result "1-0"]
[WhiteElo "2140"]
[BlackElo "1881"]
[PlyCount "97"]
[EventDate "2014.04.04"]
[EventType "swiss"]
[EventRounds "9"]
[EventCountry "MAS"]
[SourceTitle "EXT 2015"]
[Source "ChessBase"]
[SourceDate "2014.11.20"]
[SourceVersion "1"]
[SourceVersionDate "2014.11.20"]
[SourceQuality "1"]

1. e4 c6 2. d4 d5 3. exd5 cxd5 4. c4 Nf6 5. Nc3 Nc6 6. Nf3 Bg4 7. cxd5 Nxd5 8. Qb3 Bxf3 9. gxf3 e6 10. Qxb7 Nxd4 11. Bb5+ Nxb5 12. Qc6+ Ke7 13. Qxb5 Qd7 14. Bg5+ f6 15. Nxd5+ Qxd5 16. Qxd5 exd5 17. Be3 Kd6 18. 0-0-0 Be7 19. Rhe1 Rhc8+ 20. Kb1 Rc4 21. Rd3 Rh4 22. Rc1 Ke6 23. Rc6+ Kd7 24. Ra6 Rh5 25. Rb3 Rxh2 26. Rb7+ Kd8 27. Bxa7 Rc8 28. a3 Rh1+ 29. Ka2 Re1 30. Be3 Bf8 31. Ra5 Rd1 32. Rbb5 Kd7 33. Rxd5+ Rxd5 34. Rxd5+ Ke6 35. Rh5 h6 36. b4 f5 37. Kb3 g6 38. Rh1 h5 39. a4 Kd5 40. b5 Bd6 41. a5 f4 42. Rd1+ Ke6 43. Bd4 g5 44. b6 g4 45. fxg4 hxg4 46. a6 Bb8 47. b7 Rd8 48. a7 Bxa7 49. Re1+ 1-0

[Event "Penang op-B 5th"]
[Site "Penang"]
[Date "2013.12.11"]
[Round "5"]
[White "Teh, Ren Xuan"]
[Black "Izzuddin, Zain"]
[Result "0-1"]
[WhiteElo "1079"]
[BlackElo "1894"]
[PlyCount "52"]
[EventDate "2013.12.09"]
[EventType "swiss"]
[EventRounds "9"]
[EventCountry "MAS"]
[SourceTitle "CBM 158 Extra"]
[Source "ChessBase"]
[SourceDate "2014.02.28"]
[SourceVersion "1"]
[SourceVersionDate "2014.02.28"]
[SourceQuality "1"]

1. d4 Nf6 2. c4 g6 3. Nf3 Bg7 4. g3 d6 5. Bg2 0-0 6. 0-0 Nbd7 7. Ng5 e5 8. d5 a5 9. Nc3 Nc5 10. e4 Nh5 11. Nh3 f5 12. Qc2 fxe4 13. Nxe4 Bf5 14. f4 Nxe4 15. Bxe4 Bxh3 16. Rf2 exf4 17. Bxf4 Nxf4 18. Rxf4 Rxf4 19. gxf4 Qh4 20. Kh1 Re8 21. Rg1 Qxf4 22. Bg2 Bf5 23. Qb3 Be5 24. Qg3 Qxc4 25. Qg5 Qf4 26. Qxf4 Bxf4 0-1